CORBA for real programmers

Αποθηκεύτηκε σε:
Λεπτομέρειες βιβλιογραφικής εγγραφής
Κύριος συγγραφέας: Hoque, Reaz
Μορφή: Βιβλίο
Γλώσσα:English
Δημοσίευση: San Diego : Morgan Kaufmann, c1999
Θέματα:
Ετικέτες: Προσθήκη ετικέτας
Δεν υπάρχουν, Καταχωρήστε ετικέτα πρώτοι!

MARC

LEADER 00000cam a2200000 i 4500
001 1/18263
008 010312s1999 eng d
020 |a 0-12-355590-6 
035 |l 10066430 
040 |a GR-MY-UA  |b gre  |e aacr 
041 0 |a eng 
082 0 |a 005.2762 
100 1 |a Hoque, Reaz. 
245 1 0 |a CORBA for real programmers /  |c Reaz Hoque 
260 |a San Diego :   |b Morgan Kaufmann,   |c c1999 
300 |a xii, 323 p.  |e 1 computer laser optical disc (4 3/4 in.) 
504 |a Includes index 
650 0 0 |a Object-oriented methods (Computer science) 
650 0 0 |a Application software  |x Development. 
650 0 0 |a CORBA (Computer architecture) 
852 |a INST  |b CHIOS  |e 20010312  |h 005.2762 HOQ  |p 005200021603  |q 005200021603  |t BK  |y 0 
852 |a INST  |b CHIOS  |e 20010312  |h 005.2762 HOQ   |p 005200021288  |q 005200021288  |t BK  |y 0 
901 |a BIBL2-2001-1 
909 |a Χ  |b 083313 
909 |a Χ  |b 083554 
970 |a ΣΠΕΝΤΖΑ  |b ΕΛΕΝΗ  |z 2001/03/12